Statistics for Metal Gear Franchise

Click here to take the quiz!

General Stats

  • This quiz has been taken 6 times
  • The average score is 26 of 49

Answer Stats

Type Year Name Info % Correct
Video Game1987Metal GearKonami / Ultra Games
100%
Video Game2001Metal Gear Solid 2: Sons of LibertyKonami
100%
Video Game1990Metal Gear 2: Solid SnakeKonami
100%
Digital Graphic Novel2006Metal Gear Solid: Digital Graphic NovelAshley Wood
100%
Video Game2004Metal Gear Solid 3: Snake EaterKonami
100%
Video Game2008Metal Gear Solid 4: Guns of the PatriotsKonami
100%
Video Game1998Metal Gear SolidKonami
100%
Video Game1992Snake's RevengeUltra Games / Konami
100%
Video Game2006Metal Gear Solid: Portable OpsKonami
83%
Novel2015Metal Gear Solid: The Phantom PainKenji Yano
67%
Video Game2015Metal Gear Solid V: The Phantom PainKonami
67%
Novel2014Metal Gear Solid: Snake EaterSatoshi Hase
67%
Video Game2004Metal Gear AcidKonami
67%
Video Game2013Metal Gear Rising: RevengeanceKonami
67%
Video Game2005Metal Gear Acid 2Konami
67%
Video Game2010Metal Gear Solid: Peace WalkerKonami
67%
Novel2008Metal Gear Solid: Guns of the PatriotsProject Itoh
67%
Video Game1999Metal Gear Solid: VR MissionsKonami / Microsoft
50%
Video Game2014Metal Gear Solid V: Ground ZeroesKonami
50%
Video Game2018Metal Gear SurviveKonami
50%
Video Game2005Metal Gear Solid 3: SubsistenceKonami
50%
Video Game2002Metal Gear Solid 2: SubstanceKonami
50%
Video Game2004Metal Gear Solid: The Twin SnakesKonami
50%
Video Game1999Metal Gear Solid: IntegralKonami / Microsoft
33%
Video Game2007Metal Gear Solid: Portable Ops PlusKonami
33%
Video Game2009Metal Gear Solid TouchKonami
33%
Video Game2008Metal Gear OnlineKonami
33%
Encyclopedia2008Metal Gear Solid 4 DatabasePlaystation Store
17%
Documentary2002The Document of Metal Gear Solid 2Konami
17%
Video Game2008Metal Gear Solid MobileKonami
17%
Fan Film2009Metal Gear Solid: PhilanthropyHive Division
17%
Comic Book2006Metal Gear Solid: Sons of LibertyIDW Publishing
17%
Video Game2012Metal Gear Solid: Social OpsKonami
17%
Novel2015Metal Gear Solid Substance IIKenji Yano
0%
Novel2015Metal Gear Solid Substance IKenji Yano
0%
Audio Drama2007Idea Spy 2.5Shuyo Murata
0%
Audio Drama1998Drama CD Metal Gear SolidMotosada Mori
0%
Audio Drama2010Metal Gear Solid: Peace Walker - Harmony of Peace and KazuhiraHideo Kojima
0%
Video Game2010Metal Gear ArcadeKonami
0%
Video Game2012Metal Gear Solid 3: Snake Eater 3DKonami
0%

Score Distribution

Percentile by Number Answered

Percent of People with Each Score

Your Score History

You have not taken this quiz